[Event "Svetla nad Sazavou Mares Memorial"]
[Site "Svetla nad Sazavou"]
[Date "2023.12.29"]
[Round "6"]
[White "Ptacek, Jan"]
[Black "Broz, Petr"]
[Result "1/2-1/2"]
[WhiteElo "1826"]
[BlackElo "1934"]
[PlyCount "125"]
[EventDate "2023.12.29"]
[EventType "swiss"]
[EventRounds "9"]
[EventCountry "CZE"]
[SourceTitle "CB02_2024"]
[SourceDate "2024.01.10"]
[SourceVersion "1"]
[SourceVersionDate "2024.01.10"]
[SourceQuality "1"]

1. e4 e6 2. d4 d5 3. Nd2 a6 4. c3 c5 5. exd5 exd5 6. Ngf3 Nf6 7. Be2 Be7 8. dxc5 Bxc5 9. 0-0 0-0 10. Nb3 Bb6 11. Bg5 Re8 12. Re1 Bxf2+ 13. Kxf2 Ne4+ 14. Kg1 Nxg5 15. Nxg5 Qxg5 16. Bf3 Rxe1+ 17. Qxe1 Be6 18. Nd4 Bd7 19. Rd1 Nc6 20. Nxc6 Bxc6 21. Qd2 Qxd2 22. Rxd2 Rd8 23. Rd4 Rd7 24. Bg4 Re7 25. Bf3 Re1+ 26. Kf2 Rb1 27. Rd2 Kf8 28. Ke2 Ke7 29. b3 Ke6 30. Kd3 Re1 31. Kd4 f5 32. c4 dxc4 33. Bxc6 bxc6 34. Kxc4 Rc1+ 35. Kd4 c5+ 36. Kd3 g5 37. Rf2 h5 38. Kd2 Ra1 39. Kc3 Rd1 40. Kc4 Kd6 41. Rxf5 Rd4+ 42. Kc3 Rg4 43. g3 a5 44. Rf6+ Kd5 45. Ra6 h4 46. gxh4 Rxh4 47. Rxa5 Rh3+ 48. Kd2 Rxh2+ 49. Ke3 Rh4 50. Ra8 Rh3+ 51. Kf2 Kd4 52. Kg2 Re3 53. Rg8 Re2+ 54. Kf3 Rxa2 55. Rxg5 Ra5 56. Ke2 Kc3 57. Rg3+ Kc2 58. Rg8 Ra7 59. Rc8 Re7+ 60. Kf3 Re5 61. b4 c4 62. Rxc4+ Kb3 63. Rh4 1/2-1/2

[Event "CZE-ch Juniors FIDE op"]
[Site "Kouty nad Desnou"]
[Date "2020.03.10"]
[Round "5"]
[White "Ptacek, Jan"]
[Black "Sochorova, Petra"]
[Result "1/2-1/2"]
[WhiteElo "1911"]
[BlackElo "2119"]
[PlyCount "76"]
[EventDate "2020.03.07"]
[EventType "swiss"]
[EventRounds "7"]
[EventCountry "CZE"]
[SourceTitle "CBM 195 Extra"]
[Source "ChessBase"]
[SourceDate "2020.05.31"]
[SourceVersion "1"]
[SourceVersionDate "2020.05.31"]
[SourceQuality "1"]

1. e4 e6 2. d4 d5 3. Nd2 Nf6 4. e5 Nfd7 5. Bd3 c5 6. c3 Nc6 7. Ne2 cxd4 8. cxd4 f6 9. exf6 Qxf6 10. Nf3 h6 11. 0-0 Bd6 12. Ng3 0-0 13. Bc2 Rd8 14. Re1 Nf8 15. a3 Bd7 16. Be3 Be8 17. h3 Rac8 18. Nh2 Qh4 19. Nf3 Qf6 20. Nh2 Ne7 21. Rc1 Bg6 22. Bxg6 Qxg6 23. Qf3 Bxg3 24. Qxg3 Qxg3 25. fxg3 Nf5 26. Bf2 Nd6 27. b3 Ne4 28. Nf3 Nd7 29. g4 Rf8 30. Be3 Kh7 31. Nd2 Ndf6 32. Nxe4 Nxe4 33. Rxc8 Rxc8 34. Rc1 Rxc1+ 35. Bxc1 Kg6 36. Kf1 Kf6 37. Bf4 a6 38. Ke2 Nc3+ 1/2-1/2

[Event "CZE-ch Juniors FIDE op"]
[Site "Kouty nad Desnou"]
[Date "2020.03.09"]
[Round "3"]
[White "Ptacek, Jan"]
[Black "Zamecnik, Jan"]
[Result "1-0"]
[WhiteElo "1911"]
[BlackElo "1850"]
[PlyCount "65"]
[EventDate "2020.03.07"]
[EventType "swiss"]
[EventRounds "7"]
[EventCountry "CZE"]
[SourceTitle "CBM 195 Extra"]
[Source "ChessBase"]
[SourceDate "2020.05.31"]
[SourceVersion "1"]
[SourceVersionDate "2020.05.31"]
[SourceQuality "1"]

1. e4 c5 2. Nf3 Nc6 3. c4 g6 4. d4 cxd4 5. Nxd4 Bg7 6. Be3 d6 7. Nc3 Nf6 8. Be2 0-0 9. 0-0 a6 10. f3 Bd7 11. Qd2 Nxd4 12. Bxd4 Qa5 13. Rfd1 Kh8 14. Rab1 Rfc8 15. Qe3 Qd8 16. Bxf6 Bxf6 17. Nd5 Bg7 18. Nb6 Rab8 19. Nxc8 Rxc8 20. b4 Be6 21. Rbc1 Qf8 22. Qb6 Bh6 23. Rc2 Rc6 24. Qd4+ Bg7 25. Qf2 Qc8 26. Rdc1 Bh6 27. f4 f5 28. Bd3 Qf8 29. Re1 Qf7 30. exf5 gxf5 31. Qe2 d5 32. c5 Bxf4 33. b5 1-0

[Event "Liptovsky Mikulas CupT U20"]
[Site "Liptovsky Mikulas"]
[Date "2017.06.22"]
[Round "3.2"]
[White "Sulkowski, Dawid"]
[Black "Ptacek, Jan"]
[Result "0-1"]
[WhiteElo "1466"]
[BlackElo "1705"]
[PlyCount "90"]
[EventDate "2017.06.21"]
[EventType "team-swiss"]
[EventRounds "8"]
[EventCountry "SVK"]
[SourceTitle "CBM 179 Extra"]
[Source "ChessBase"]
[SourceDate "2017.08.23"]
[SourceVersion "1"]
[SourceVersionDate "2017.08.23"]
[SourceQuality "1"]
[WhiteTeam "V4 International"]
[BlackTeam "Svetla nad Sazavou"]
[BlackTeamCountry "CZE"]

1. e4 c5 2. Nf3 d6 3. d4 cxd4 4. Nxd4 Nf6 5. Nc3 a6 6. Bc4 e6 7. Be3 b5 8. Bb3 Be7 9. a4 b4 10. Nce2 Nxe4 11. a5 0-0 12. 0-0 d5 13. Qe1 Bb7 14. f3 Nf6 15. Bd2 Qc8 16. Bxb4 Bxb4 17. Qxb4 e5 18. Rfd1 exd4 19. Qxd4 Nbd7 20. Nc3 Qc5 21. Qxc5 Nxc5 22. Bxd5 Nxd5 23. Nxd5 Bxd5 24. Rxd5 Ne6 25. c4 Rab8 26. Rb1 Rfc8 27. Rd6 Rxc4 28. Rxa6 Rcb4 29. Ra7 Rxb2 30. Rxb2 Rxb2 31. Ra8+ Nf8 32. a6 Ra2 33. a7 g6 34. Kf1 Kg7 35. Ke1 Ne6 36. Kd1 Nc7 37. Rc8 Rxa7 38. g4 Ne6 39. h3 Ra2 40. Rc3 Rh2 41. Ke1 Rxh3 42. Kf2 Ng5 43. Re3 Rxf3+ 44. Rxf3 Nxf3 45. Kxf3 Kf6 0-1

[Event "Kouty nad Desnou op-A"]
[Site "Kouty nad Desnou"]
[Date "2017.03.18"]
[Round "9"]
[White "Jirousek, Tadeas"]
[Black "Ptacek, Jan"]
[Result "0-1"]
[WhiteElo "1639"]
[BlackElo "1785"]
[PlyCount "90"]
[EventDate "2017.03.11"]
[EventType "swiss"]
[EventRounds "9"]
[EventCountry "CZE"]
[SourceTitle "CBM 177 Extra"]
[Source "ChessBase"]
[SourceDate "2017.04.27"]
[SourceVersion "1"]
[SourceVersionDate "2017.04.27"]
[SourceQuality "1"]

1. e4 c5 2. Nf3 d6 3. d4 cxd4 4. Nxd4 Nf6 5. Nc3 a6 6. Bg5 e6 7. f4 Qb6 8. Qd2 Qxb2 9. Rb1 Qa3 10. e5 dxe5 11. fxe5 Nfd7 12. Bc4 Be7 13. Rb3 Qc5 14. Bxe7 Qxe7 15. Qe3 Nc5 16. Rb1 Nc6 17. Nxc6 bxc6 18. 0-0 0-0 19. Rf3 a5 20. Rb6 Nd7 21. Rb1 Qc5 22. Be2 Ba6 23. Bxa6 Rxa6 24. Ne4 Qxe3+ 25. Rxe3 Nxe5 26. Nc5 Nc4 27. Rc3 Rb6 28. Rxb6 Nxb6 29. Nb3 a4 30. Rxc6 axb3 31. Rxb6 bxa2 32. Ra6 Rc8 33. Rxa2 Kf8 34. Kf2 Ke7 35. Ke3 Kf6 36. Kd4 Rd8+ 37. Ke3 Rd1 38. h3 Rc1 39. Ke4 g5 40. Rb2 h5 41. Ra2 h4 42. Kf3 Rf1+ 43. Ke3 Rc1 44. Kf3 Kf5 45. Ra5+ e5 0-1

[Event "Kouty nad Desnou op-A"]
[Site "Kouty nad Desnou"]
[Date "2015.03.10"]
[Round "4"]
[White "Ptacek, Jan"]
[Black "Kovarik, Matyas"]
[Result "1/2-1/2"]
[WhiteElo "1556"]
[BlackElo "1885"]
[PlyCount "69"]
[EventDate "2015.03.07"]
[EventType "swiss"]
[EventRounds "9"]
[EventCountry "CZE"]
[SourceTitle "EXT 2017"]
[Source "ChessBase"]
[SourceDate "2016.10.25"]
[SourceVersion "1"]
[SourceVersionDate "2016.10.25"]
[SourceQuality "1"]

1. e4 e6 2. d4 d5 3. Nd2 c5 4. exd5 exd5 5. Ngf3 Nc6 6. Bb5 Bd6 7. dxc5 Bxc5 8. 0-0 Nge7 9. Nb3 Bd6 10. Bg5 0-0 11. Bh4 Bg4 12. Be2 a6 13. Bg3 Bxg3 14. hxg3 Nf5 15. c3 Qb6 16. Kh1 Rfd8 17. Nh4 Bxe2 18. Qxe2 Nxh4 19. gxh4 d4 20. cxd4 Nxd4 21. Nxd4 Qxd4 22. g3 Re8 23. Qc2 Qd5+ 24. Kg1 Rac8 25. Qa4 Re4 26. Qa3 g5 27. Rad1 Qe5 28. hxg5 Qxg5 29. Qf3 Re7 30. Rd4 h5 31. Rd5 Re5 32. Rxe5 Qxe5 33. Qxb7 Rb8 34. Qxa6 Rxb2 35. Qc8+ 1/2-1/2

[Event "Kouty nad Desnou op-A"]
[Site "Kouty nad Desnou"]
[Date "2014.03.14"]
[Round "8"]
[White "Ptacek, Jan"]
[Black "Kotyk, Vaclav"]
[Result "0-1"]
[WhiteElo "1621"]
[BlackElo "1851"]
[PlyCount "62"]
[EventDate "2014.03.08"]
[EventType "swiss"]
[EventRounds "9"]
[EventCountry "CZE"]
[SourceTitle "EXT 2015"]
[Source "ChessBase"]
[SourceDate "2014.11.20"]
[SourceVersion "1"]
[SourceVersionDate "2014.11.20"]
[SourceQuality "1"]

1. e4 c5 2. Nf3 d6 3. d4 cxd4 4. Nxd4 Nf6 5. Nc3 a6 6. Be3 e5 7. Nb3 Be6 8. Be2 Nbd7 9. 0-0 Be7 10. Nd5 Nxe4 11. Bf3 f5 12. Qd3 Ng5 13. Nxe7 Nxf3+ 14. gxf3 Qxe7 15. Rfd1 f4 16. Bd2 d5 17. a3 0-0 18. Kh1 Qh4 19. Rg1 Rf6 20. Rg2 Rh6 21. Rag1 g6 22. Qc3 Rf8 23. Qc7 Rf5 24. Qd6 Nf8 25. Re1 Rfh5 26. Kg1 Rg5 27. Rxg5 Qxg5+ 28. Kf1 Rxh2 29. Ke2 Qg2 30. Kd1 Qxf3+ 31. Kc1 Qxf2 0-1

[Event "Morava-ch U14"]
[Site "Kouty nad Desnou"]
[Date "2012.10.27"]
[Round "8"]
[White "Ptacek, Jan"]
[Black "Kment, Michal"]
[Result "1-0"]
[WhiteElo "1354"]
[BlackElo "1568"]
[PlyCount "95"]
[EventDate "2012.10.24"]
[EventType "swiss"]
[EventRounds "9"]
[EventCountry "CZE"]
[SourceTitle "EXT 2015"]
[Source "ChessBase"]
[SourceDate "2014.11.20"]
[SourceVersion "1"]
[SourceVersionDate "2014.11.20"]
[SourceQuality "1"]

1. e4 e5 2. Nf3 Nc6 3. Bc4 Bc5 4. c3 Nf6 5. d4 exd4 6. cxd4 Bb4+ 7. Nc3 0-0 8. 0-0 Bxc3 9. bxc3 Nxe4 10. Qd3 d5 11. Ba3 dxc4 12. Qxe4 Re8 13. Qc2 Bg4 14. Nd2 Be2 15. Rfe1 Qd5 16. Nf1 Bxf1 17. Kxf1 Re6 18. Rxe6 Qxe6 19. Re1 Qd7 20. Qe2 h6 21. Qxc4 Re8 22. Rxe8+ Qxe8 23. Qe2 Qxe2+ 24. Kxe2 f5 25. Ke3 g5 26. f4 g4 27. h3 h5 28. d5 Na5 29. Kd4 Kf7 30. Bb4 b6 31. Bxa5 bxa5 32. Ke5 Ke7 33. Kxf5 Kd6 34. Ke4 gxh3 35. gxh3 Ke7 36. Kf5 Kd6 37. Kg5 Kxd5 38. f5 Kc4 39. f6 Kxc3 40. f7 c5 41. f8Q c4 42. Qa3+ Kd2 43. Qxa5+ Kd3 44. Qxa7 c3 45. Qa3 Kd2 46. Kxh5 c2 47. Qb2 Kd1 48. Qxc2+ 1-0